| 000 | 00656nam a2200169 a 4500 | ||
|---|---|---|---|
| 001 | 4140 | ||
| 005 | 20140414131941.0 | ||
| 008 | 090218s19uu xx 00 eng d | ||
| 050 |
_aTR 170 _bT15 2004 |
||
| 245 |
_aTanya Tinker and the Gizmo gang : _ba lift-the-flap discovery book. |
||
| 260 |
_aAlexandria, Va. : _bTime-Life for Children, _cc1992. |
||
| 440 | _aTime-Life early learning program. | ||
| 520 | _aWhile tracking down the owner of a list they found, three children discover how many things work. Liftable flaps reveal some of their "finds." | ||
| 650 | _aToy and movable books. | ||
| 650 | _aMystery and detective stories. | ||
| 999 |
_c112601 _d112601 |
||